[Event "Saarland-ch Seniors 87th"]
[Site "Voelklingen"]
[Date "2012.04.05"]
[Round "7"]
[White "Bauer, Werner"]
[Black "Moeckel, Edgar"]
[Result "1/2-1/2"]
[WhiteElo "1746"]
[BlackElo "1941"]
[PlyCount "38"]
[EventDate "2012.03.30"]
[EventType "swiss"]
[EventRounds "7"]
[EventCountry "GER"]
[SourceTitle "EXT 2013"]
[Source "ChessBase"]
[SourceDate "2012.11.22"]
[SourceVersion "1"]
[SourceVersionDate "2012.11.22"]
[SourceQuality "1"]

1. e4 c6 2. Nf3 d5 3. Nc3 Bg4 4. h3 Bxf3 5. Qxf3 d4 6. Ne2 e5 7. Ng3 Nf6 8. Bc4 g6 9. a4 Bg7 10. 0-0 0-0 11. d3 Nbd7 12. Bd2 Qe7 13. Qd1 a6 14. a5 Ne8 15. Qc1 Nd6 16. Bg5 Bf6 17. Bxf6 Qxf6 18. Ba2 Qh4 19. Ne2 Kg7 1/2-1/2

[Event "Saarland-ch Seniors 87th"]
[Site "Voelklingen"]
[Date "2012.04.01"]
[Round "3"]
[White "Schampel, Arno"]
[Black "Moeckel, Edgar"]
[Result "1/2-1/2"]
[WhiteElo "1924"]
[BlackElo "1941"]
[PlyCount "45"]
[EventDate "2012.03.30"]
[EventType "swiss"]
[EventRounds "7"]
[EventCountry "GER"]
[SourceTitle "EXT 2013"]
[Source "ChessBase"]
[SourceDate "2012.11.22"]
[SourceVersion "1"]
[SourceVersionDate "2012.11.22"]
[SourceQuality "1"]

1. Nf3 Nf6 2. d4 d5 3. c4 e6 4. Bg5 Be7 5. e3 Nbd7 6. Nc3 c6 7. Bd3 0-0 8. 0-0 Re8 9. Qc2 dxc4 10. Bxc4 Nd5 11. Nxd5 exd5 12. Bxe7 Qxe7 13. Bd3 g6 14. Rfe1 Nf6 15. Ne5 Ng4 16. Nxg4 Bxg4 17. f3 Be6 18. e4 dxe4 19. Rxe4 Qd7 20. Rae1 Bd5 21. Rxe8+ Rxe8 22. Rxe8+ Qxe8 23. Kf2 1/2-1/2

[Event "Bad Woerishofen Nestors op 27th"]
[Site "Bad Woerishofen"]
[Date "2011.03.26"]
[Round "4"]
[White "Moeckel, Edgar"]
[Black "Erhart, Uwe"]
[Result "0-1"]
[WhiteElo "1935"]
[BlackElo "2085"]
[PlyCount "106"]
[EventDate "2011.03.24"]
[EventType "swiss"]
[EventRounds "9"]
[EventCountry "GER"]
[SourceTitle "EXT 2012"]
[Source "ChessBase"]
[SourceDate "2011.11.24"]
[SourceVersion "1"]
[SourceVersionDate "2011.11.24"]
[SourceQuality "1"]

1. d4 Nf6 2. c4 e6 3. Nc3 Bb4 4. Qc2 c5 5. dxc5 Bxc5 6. Nf3 0-0 7. Bg5 Be7 8. e3 d6 9. Bd3 Nbd7 10. 0-0 h6 11. Bh4 b6 12. Rad1 Bb7 13. Be2 a6 14. Qd2 Rc8 15. b3 Qc7 16. Bg3 e5 17. Nd5 Nxd5 18. cxd5 Nf6 19. Rc1 Qb8 20. Nh4 Rfd8 21. Nf5 Bf8 22. f3 Nxd5 23. e4 Ne7 24. Bh4 g5 25. Nxe7+ Bxe7 26. Bf2 b5 27. Be3 Rxc1 28. Rxc1 Rc8 29. h4 Rxc1+ 30. Qxc1 Qc8 31. Qd2 f6 32. hxg5 hxg5 33. g4 Qc6 34. Qd3 Bd8 35. Kg2 Bb6 36. Bxb6 Qxb6 37. b4 Kf7 38. Qb3+ d5 39. exd5 Ke7 40. Qd3 Kd6 41. Bd1 Qd4 42. Bc2 Bxd5 43. Qxd4 exd4 44. a3 Ke5 45. Kg3 Bc4 46. Kf2 d3 47. Bd1 Kd4 48. f4 gxf4 49. Kf3 Ke5 50. a4 Bd5+ 51. Kf2 Kd4 52. axb5 axb5 53. Ke1 Kc3 0-1

[Event "Hessen-ch Seniors op 05th"]
[Site "Bad Sooden-Allendorf"]
[Date "2009.04.30"]
[Round "6"]
[White "Van Houten, Henk"]
[Black "Moeckel, Edgar"]
[Result "1/2-1/2"]
[WhiteElo "1561"]
[BlackElo "1692"]
[PlyCount "46"]
[EventDate "2009.04.25"]
[EventType "swiss"]
[EventRounds "9"]
[EventCountry "GER"]
[SourceTitle "EXT 2022"]
[Source "ChessBase"]
[SourceDate "2021.10.06"]
[SourceVersion "1"]
[SourceVersionDate "2021.10.06"]
[SourceQuality "1"]

1. b3 Nf6 2. Bb2 g6 3. c4 Bg7 4. a3 0-0 5. e3 d6 6. d3 e5 7. Qc2 c6 8. Nd2 Nbd7 9. Ngf3 Re8 10. b4 Qc7 11. e4 Nf8 12. h3 Ne6 13. Nb3 Nd7 14. Bc1 Qd8 15. Ra2 b6 16. Be3 c5 17. Qd2 Nb8 18. bxc5 dxc5 19. Be2 Nc6 20. 0-0 Ncd4 21. Nfxd4 exd4 22. Bf4 Nxf4 23. Qxf4 Qe7 1/2-1/2

[Event "Hessen-ch Seniors op 05th"]
[Site "Bad Sooden-Allendorf"]
[Date "2009.04.28"]
[Round "4"]
[White "Moeckel, Edgar"]
[Black "Klein, Leo"]
[Result "0-1"]
[WhiteElo "1692"]
[BlackElo "1928"]
[PlyCount "94"]
[EventDate "2009.04.25"]
[EventType "swiss"]
[EventRounds "9"]
[EventCountry "GER"]
[SourceTitle "EXT 2022"]
[Source "ChessBase"]
[SourceDate "2021.10.06"]
[SourceVersion "1"]
[SourceVersionDate "2021.10.06"]
[SourceQuality "1"]

1. d4 d6 2. c4 Nf6 3. Nf3 Nbd7 4. Nc3 c6 5. e3 e5 6. Bd3 Qc7 7. 0-0 Be7 8. Bd2 a6 9. Rc1 Nf8 10. h3 Ne6 11. Qe2 h6 12. Rfd1 Ng5 13. dxe5 dxe5 14. e4 Nfh7 15. Be3 Nxf3+ 16. Qxf3 Bg5 17. b3 0-0 18. Qg3 Qe7 19. f4 Bh4 20. Qf3 exf4 21. Bxf4 Ng5 22. Qe3 Ne6 23. Rc2 Nxf4 24. Qxf4 Qc5+ 25. Kh1 Bg5 26. Qf1 Qe5 27. Qe2 Qg3 28. Qf2 Qe5 29. Be2 Be6 30. Bf3 Rad8 31. Qe1 Rxd1 32. Nxd1 Rd8 33. Ne3 Qf4 34. Ng4 h5 35. Nf2 Bh4 36. Bxh5 Qg3 37. Qf1 Bg5 38. Qg1 Be3 39. Qf1 Bf4 40. Qg1 g6 41. Bf3 Kg7 42. Rb2 Rh8 43. Rc2 g5 44. Nd3 Bxh3 45. Qd4+ f6 46. Kg1 Bg4 47. Nxf4 Qe1# 0-1

[Event "Bad Woerishofen Seniors op 24th"]
[Site "Bad Woerishofen"]
[Date "2008.03.06"]
[Round "8"]
[White "Siegl, Wolfgang"]
[Black "Moeckel, Edgar"]
[Result "0-1"]
[WhiteElo "1636"]
[BlackElo "1792"]
[PlyCount "68"]
[EventDate "2008.02.28"]
[EventType "swiss"]
[EventRounds "9"]
[EventCountry "GER"]
[SourceTitle "EXT 2022"]
[Source "ChessBase"]
[SourceDate "2021.10.06"]
[SourceVersion "1"]
[SourceVersionDate "2021.10.06"]
[SourceQuality "1"]

1. d4 Nf6 2. c4 g6 3. Nc3 Bg7 4. Nf3 0-0 5. g3 d6 6. Bg2 Nbd7 7. 0-0 c6 8. h3 Qc7 9. Qc2 Re8 10. Rd1 e5 11. e4 Nb6 12. b3 Nh5 13. d5 c5 14. g4 Nf4 15. Rb1 Rf8 16. Ne2 Nxg2 17. Kxg2 f5 18. exf5 gxf5 19. g5 f4 20. Nc3 Bf5 21. Ne4 Qe7 22. Rh1 Qd7 23. Qe2 Kh8 24. Bb2 Rae8 25. Rbe1 Nc8 26. Reg1 a6 27. a4 Qd8 28. Kf1 Qb6 29. Qd3 Bxe4 30. Qc3 Bxf3 31. Qxf3 Qc7 32. h4 e4 33. Bxg7+ Qxg7 34. Rg4 exf3 0-1

[Event "Bad Woerishofen Seniors op 24th"]
[Site "Bad Woerishofen"]
[Date "2008.03.03"]
[Round "5"]
[White "Moeckel, Edgar"]
[Black "Delander, Adolf"]
[Result "1/2-1/2"]
[WhiteElo "1792"]
[BlackElo "1904"]
[PlyCount "20"]
[EventDate "2008.02.28"]
[EventType "swiss"]
[EventRounds "9"]
[EventCountry "GER"]
[SourceTitle "EXT 2022"]
[Source "ChessBase"]
[SourceDate "2021.10.06"]
[SourceVersion "1"]
[SourceVersionDate "2021.10.06"]
[SourceQuality "1"]

1. d4 d5 2. c4 c6 3. Nf3 Nf6 4. Nc3 dxc4 5. a4 Bf5 6. e3 e6 7. Bxc4 Bb4 8. 0-0 Nbd7 9. Qb3 a5 10. Nh4 Bg6 1/2-1/2

[Event "Bad Woerishofen Seniors op 24th"]
[Site "Bad Woerishofen"]
[Date "2008.02.29"]
[Round "2"]
[White "Moeckel, Edgar"]
[Black "Bartlitz, Heinz"]
[Result "1-0"]
[WhiteElo "2016"]
[BlackElo "1871"]
[PlyCount "56"]
[EventDate "2008.02.28"]
[EventType "swiss"]
[EventRounds "9"]
[EventCountry "GER"]
[SourceTitle "EXT 2019"]
[Source "ChessBase"]
[SourceDate "2018.10.10"]
[SourceVersion "1"]
[SourceVersionDate "2018.10.10"]
[SourceQuality "1"]

1. d4 f5 2. e4 fxe4 3. Nc3 Nf6 4. Bg5 e3 5. fxe3 g6 6. e4 d6 7. Nf3 Nbd7 8. Bc4 Bg7 9. Qe2 c6 10. 0-0-0 Qa5 11. Bd2 Qc7 12. Ng5 Nf8 13. h3 e6 14. g4 h6 15. Nf3 Bd7 16. e5 Nd5 17. exd6 Qxd6 18. Ne4 Qc7 19. Bxd5 cxd5 20. Nc5 0-0-0 21. Rhe1 Re8 22. Nd3 Bb5 23. Bc3 Nd7 24. Qg2 Bxd3 25. Rxd3 Rhf8 26. Kb1 g5 27. Bb4 Rf7 28. Rc3 Qxc3 1-0

[Event "Niedersachsen-ch Seniors op 10th"]
[Site "Bad Bevensen"]
[Date "2007.07.11"]
[Round "9"]
[White "Moeckel, Edgar"]
[Black "Wolf, Burghard"]
[Result "1/2-1/2"]
[WhiteElo "1751"]
[BlackElo "1661"]
[PlyCount "22"]
[EventDate "2007.07.03"]
[EventType "swiss"]
[EventRounds "9"]
[EventCountry "GER"]
[SourceTitle "EXT 2022"]
[Source "ChessBase"]
[SourceDate "2021.10.06"]
[SourceVersion "1"]
[SourceVersionDate "2021.10.06"]
[SourceQuality "1"]

1. d4 Nf6 2. c4 e6 3. Nf3 Nc6 4. e3 Bb4+ 5. Nc3 d6 6. Be2 b6 7. Bd2 Bxc3 8. Bxc3 Ne4 9. Qc2 Nxc3 10. Qxc3 Bb7 11. 0-0 0-0 1/2-1/2

[Event "Niedersachsen-ch Seniors op 10th"]
[Site "Bad Bevensen"]
[Date "2007.07.07"]
[Round "5"]
[White "Moeckel, Edgar"]
[Black "Dietrich, Igor"]
[Result "0-1"]
[WhiteElo "1751"]
[BlackElo "1747"]
[PlyCount "78"]
[EventDate "2007.07.03"]
[EventType "swiss"]
[EventRounds "9"]
[EventCountry "GER"]
[SourceTitle "EXT 2022"]
[Source "ChessBase"]
[SourceDate "2021.10.06"]
[SourceVersion "1"]
[SourceVersionDate "2021.10.06"]
[SourceQuality "1"]

1. d4 d5 2. Nf3 Bf5 3. c4 e6 4. Nc3 c6 5. e3 Nf6 6. Qb3 Qb6 7. Qxb6 axb6 8. cxd5 exd5 9. Ne5 Bd6 10. Bd3 Bxd3 11. Nxd3 0-0 12. 0-0 Re8 13. Bd2 Nbd7 14. a3 b5 15. Rfd1 Nb6 16. Nc5 Re7 17. b3 Nc8 18. b4 b6 19. Nb3 Rea7 20. Nb1 Ne4 21. Be1 Bf8 22. Rc1 Ne7 23. N3d2 Nxd2 24. Nxd2 Rxa3 25. Rxa3 Rxa3 26. Nf3 f6 27. g4 g5 28. h4 gxh4 29. Kf1 Kf7 30. Bd2 Ke6 31. Kg2 Ra8 32. Re1 Ng6 33. Rc1 Kd7 34. Ne1 Ra4 35. Nd3 Ra2 36. Be1 Ne7 37. Kh3 Ng6 38. Kg2 Bd6 39. Rb1 Ra3 0-1

[Event "Bad Woerishofen Seniors opA 23rd"]
[Site "Bad Woerishofen"]
[Date "2007.03.15"]
[Round "8"]
[White "Moeckel, Edgar"]
[Black "Winkler, Karl Heinz"]
[Result "1-0"]
[WhiteElo "1817"]
[BlackElo "1712"]
[PlyCount "135"]
[EventDate "2007.03.08"]
[EventType "swiss"]
[EventRounds "9"]
[EventCountry "GER"]
[SourceTitle "EXT 2022"]
[Source "ChessBase"]
[SourceDate "2021.10.06"]
[SourceVersion "1"]
[SourceVersionDate "2021.10.06"]
[SourceQuality "1"]

1. d4 d5 2. Nf3 Nf6 3. c4 Nc6 4. e3 Bg4 5. h3 Bh5 6. Nc3 e6 7. a3 a6 8. b4 Be7 9. Be2 dxc4 10. Bxc4 b5 11. Bd3 Nd5 12. Bb2 Bd6 13. Rc1 Nce7 14. Ne4 c6 15. 0-0 h6 16. g3 0-0 17. Kg2 Rc8 18. Qd2 Bxf3+ 19. Kxf3 f5 20. Nxd6 Qxd6 21. Kg2 Nf6 22. Qc2 Qd5+ 23. f3 Qd6 24. e4 fxe4 25. fxe4 Qd7 26. Qe2 Rcd8 27. Bb1 Nh7 28. Qg4 Nf6 29. Qe2 Kh8 30. Kh2 Kg8 31. Qc2 g6 32. Qd2 Kh7 33. Qe3 Nfg8 34. Qc3 e5 35. d5 Qd6 36. Qxe5 Qxe5 37. Bxe5 cxd5 38. Rxf8 Rxf8 39. Kg2 h5 40. Rc7 dxe4 41. Bxe4 Rc8 42. Bb7 Rxc7 43. Bxc7 Nf5 44. Bxa6 Ne3+ 45. Kf3 Nc4 46. Bxb5 Nxa3 47. Bd3 Nf6 48. b5 Nxb5 49. Bxb5 Kh6 50. Bc6 g5 51. Ke3 g4 52. h4 Kg6 53. Kf4 Ng8 54. Bd8 Kh6 55. Bd5 Kg6 56. Bxg8 Kh6 57. Be6 Kh7 58. Kg5 Kg7 59. Kxh5 Kh7 60. Kxg4 Kg6 61. Bg5 Kg7 62. h5 Kh7 63. Bf5+ Kg7 64. h6+ Kf7 65. Kh5 Kf8 66. Kg6 Kg8 67. h7+ Kf8 68. h8Q# 1-0

[Event "Bad Woerishofen Seniors opA 23rd"]
[Site "Bad Woerishofen"]
[Date "2007.03.09"]
[Round "2"]
[White "Moeckel, Edgar"]
[Black "Goy, Udo"]
[Result "0-1"]
[WhiteElo "2015"]
[BlackElo "2215"]
[PlyCount "54"]
[EventDate "2007.03.08"]
[EventType "swiss"]
[EventRounds "9"]
[EventCountry "GER"]
[SourceTitle "EXT 2008"]
[Source "ChessBase"]
[SourceDate "2007.11.25"]
[SourceVersion "1"]
[SourceVersionDate "2007.11.25"]
[SourceQuality "1"]

1. d4 Nf6 2. c4 g6 3. Nc3 d5 4. cxd5 Nxd5 5. e4 Nxc3 6. bxc3 Bg7 7. Bc4 0-0 8. Ne2 c5 9. 0-0 Nc6 10. Be3 Na5 11. Bd3 b6 12. dxc5 bxc5 13. Bxc5 Qc7 14. Be3 Nc4 15. Bf4 e5 16. Bc1 Be6 17. Qc2 Rac8 18. Rd1 Qc5 19. Bxc4 Qxc4 20. Be3 Rc7 21. Rd2 h6 22. Rad1 Kh7 23. Qb2 Qxe4 24. Rd8 Rxd8 25. Rxd8 Rb7 26. Qd2 Bf6 27. Ra8 Rb1+ 0-1

[Event "GER-ch Seniors 18th"]
[Site "Dresden"]
[Date "2006.07.29"]
[Round "8"]
[White "Moeckel, Edgar"]
[Black "Fleischer, Martin"]
[Result "1-0"]
[WhiteElo "1778"]
[BlackElo "1756"]
[PlyCount "119"]
[EventDate "2006.07.22"]
[EventType "swiss"]
[EventRounds "9"]
[EventCountry "GER"]
[SourceTitle "EXT 2022"]
[Source "ChessBase"]
[SourceDate "2021.10.06"]
[SourceVersion "1"]
[SourceVersionDate "2021.10.06"]
[SourceQuality "1"]

1. d4 Nf6 2. Nf3 d5 3. c4 b6 4. cxd5 Bb7 5. Nc3 Nxd5 6. Qc2 e6 7. e4 Nb4 8. Qd1 c5 9. Bb5+ Bc6 10. a3 Bxb5 11. Nxb5 N4a6 12. Qa4 Ke7 13. Be3 f6 14. Rd1 Qc8 15. 0-0 Kf7 16. Rc1 Be7 17. dxc5 bxc5 18. b4 Nd7 19. Rfd1 Nb6 20. Qa5 Rd8 21. Rxd8 Qxd8 22. Qxa6 cxb4 23. axb4 Bxb4 24. Qb7+ Kg8 25. h3 Bf8 26. Nxa7 Rb8 27. Qc6 e5 28. Qe6+ Kh8 29. Nc6 Qc8 30. Qxc8 Rxc8 31. Bxb6 Ba3 32. Rc2 h6 33. Be3 Kh7 34. Kf1 Bf8 35. Ne1 Bd6 36. Nd3 Ra8 37. g3 Kg6 38. Ncb4 Ra1+ 39. Kg2 Rb1 40. Bc5 Bc7 41. Nd5 Bd8 42. N3b4 Ba5 43. Nc6 Be1 44. Nd8 Ba5 45. Ne7+ Kh7 46. Ndc6 Be1 47. h4 h5 48. Be3 Rd1 49. Rb2 Rd7 50. Nd5 Rd6 51. Nce7 Rd7 52. Bd2 Bxd2 53. Rxd2 Rd6 54. Rc2 Ra6 55. Rc7 Kh8 56. Nf5 Ra4 57. Rxg7 Ra2 58. Rf7 Re2 59. Rxf6 Rxe4 60. Rh6+ 1-0

[Event "GER-ch Seniors 18th"]
[Site "Dresden"]
[Date "2006.07.27"]
[Round "6"]
[White "Hoelting, Siegfried"]
[Black "Moeckel, Edgar"]
[Result "0-1"]
[WhiteElo "1745"]
[BlackElo "1778"]
[PlyCount "54"]
[EventDate "2006.07.22"]
[EventType "swiss"]
[EventRounds "9"]
[EventCountry "GER"]
[SourceTitle "EXT 2022"]
[Source "ChessBase"]
[SourceDate "2021.10.06"]
[SourceVersion "1"]
[SourceVersionDate "2021.10.06"]
[SourceQuality "1"]

1. e4 c6 2. d4 d5 3. e5 Bf5 4. Bd3 Bxd3 5. Qxd3 e6 6. c3 c5 7. a3 Nc6 8. Nf3 Qb6 9. 0-0 cxd4 10. cxd4 Nge7 11. Nc3 Nf5 12. Na4 Qa5 13. Nc3 Be7 14. b4 Bxb4 15. Nb5 Be7 16. Bd2 Qd8 17. h3 0-0 18. Rfc1 a6 19. Nc3 Rc8 20. Rab1 b5 21. Na2 Qb6 22. Nb4 Nxb4 23. axb4 Rc4 24. Qa3 Ra8 25. Qb2 Nxd4 26. Ne1 Rac8 27. Be3 Rxb4 0-1

[Event "GER-ch Seniors 18th"]
[Site "Dresden"]
[Date "2006.07.26"]
[Round "5"]
[White "Kienel, Norbert"]
[Black "Moeckel, Edgar"]
[Result "1-0"]
[WhiteElo "1678"]
[BlackElo "1778"]
[PlyCount "61"]
[EventDate "2006.07.22"]
[EventType "swiss"]
[EventRounds "9"]
[EventCountry "GER"]
[SourceTitle "EXT 2022"]
[Source "ChessBase"]
[SourceDate "2021.10.06"]
[SourceVersion "1"]
[SourceVersionDate "2021.10.06"]
[SourceQuality "1"]

1. d4 Nf6 2. c4 g6 3. Nc3 Bg7 4. e4 d6 5. f3 0-0 6. Be3 c6 7. Qd2 e5 8. Nge2 Nbd7 9. g4 Re8 10. 0-0-0 Qa5 11. Ng3 Nf8 12. h4 Ne6 13. d5 cxd5 14. cxd5 Nf8 15. h5 Bd7 16. g5 Nxh5 17. Nxh5 gxh5 18. Rxh5 Rac8 19. Kb1 f5 20. exf5 Bxf5+ 21. Bd3 e4 22. Nxe4 Qxd2 23. Bxd2 Bg6 24. Rhh1 Re5 25. Rc1 Ree8 26. Bb4 Be5 27. Nf6+ Bxf6 28. Bxg6 Bxg5 29. Bxe8 Bxc1 30. Rg1+ Ng6 31. Bxg6 1-0

[Event "Bad Bertrich Seniors op"]
[Site "Bad Bertrich"]
[Date "2005.12.07"]
[Round "6"]
[White "Van Geet, Dick Daniel"]
[Black "Moeckel, Edgar"]
[Result "1/2-1/2"]
[WhiteElo "2288"]
[BlackElo "2056"]
[PlyCount "92"]
[EventDate "2005.12.02"]
[EventType "swiss"]
[EventRounds "9"]
[EventCountry "GER"]
[SourceTitle "EXT 2007"]
[Source "ChessBase"]
[SourceDate "2006.11.23"]
[SourceVersion "1"]
[SourceVersionDate "2006.11.23"]
[SourceQuality "1"]

1. e4 c6 2. Nc3 d5 3. Qe2 d4 4. Nd1 e5 5. g3 Nf6 6. f4 Bg4 7. Nf3 Nbd7 8. Nf2 Bxf3 9. Qxf3 Bd6 10. Bc4 Qe7 11. 0-0 b5 12. Bb3 Nc5 13. d3 a5 14. c3 Nxb3 15. axb3 c5 16. Bd2 b4 17. Ra4 0-0 18. Rfa1 Qb7 19. cxd4 cxd4 20. fxe5 Bxe5 21. Rxa5 Rxa5 22. Rxa5 Nd7 23. Ng4 f6 24. Qf5 Re8 25. Rd5 Re7 26. Qf1 h5 27. Nxe5 Nxe5 28. Qf5 Re8 29. Qxh5 Rc8 30. Qf5 Nxd3 31. Rd7 Rc7 32. Rd8+ Kf7 33. Qh5+ Ke6 34. Qe8+ Re7 35. Qg8+ Ke5 36. Qc4 Qxe4 37. Bf4+ Nxf4 38. gxf4+ Kf5 39. Rd5+ Kg6 40. f5+ Kh7 41. Rxd4 Qe1+ 42. Qf1 Qe3+ 43. Qf2 Qc1+ 44. Kg2 Qg5+ 45. Kf1 Qc1+ 46. Kg2 Qg5+ 1/2-1/2

[Event "Bad Bertrich Seniors op"]
[Site "Bad Bertrich"]
[Date "2005.12.05"]
[Round "4"]
[White "Rotstein, Jefim"]
[Black "Moeckel, Edgar"]
[Result "1-0"]
[WhiteElo "2418"]
[BlackElo "2056"]
[PlyCount "67"]
[EventDate "2005.12.02"]
[EventType "swiss"]
[EventRounds "9"]
[EventCountry "GER"]
[SourceTitle "EXT 2007"]
[Source "ChessBase"]
[SourceDate "2006.11.23"]
[SourceVersion "1"]
[SourceVersionDate "2006.11.23"]
[SourceQuality "1"]

1. f4 d5 2. Nf3 Nf6 3. e3 Bg4 4. c4 Bxf3 5. Qxf3 e6 6. Nc3 c6 7. d4 Nbd7 8. Bd3 dxc4 9. Bxc4 Be7 10. 0-0 0-0 11. a4 Qa5 12. Bd2 Qh5 13. Qxh5 Nxh5 14. g4 Nhf6 15. g5 Nd5 16. e4 Nxc3 17. bxc3 a6 18. a5 Rfd8 19. f5 Nc5 20. Rae1 exf5 21. Rxf5 Ne6 22. Ref1 Rf8 23. Rxf7 Rxf7 24. Bxe6 Raf8 25. h4 g6 26. Bf4 h6 27. gxh6 Kh7 28. Bxf7 Rxf7 29. Bg5 Rxf1+ 30. Kxf1 Bf8 31. e5 Bxh6 32. Bxh6 Kxh6 33. Kg2 g5 34. e6 1-0

[Event "Lipperland Seniors op 4th"]
[Site "Doerentrup"]
[Date "2005.06.03"]
[Round "9.3"]
[White "Adam, Detlef"]
[Black "Moeckel, Edgar"]
[Result "1/2-1/2"]
[WhiteElo "2025"]
[BlackElo "2038"]
[PlyCount "37"]
[EventDate "2005.05.26"]
[EventType "swiss"]
[EventRounds "9"]
[EventCountry "GER"]
[SourceTitle "EXT 2006"]
[Source "ChessBase"]
[SourceDate "2005.11.24"]
[SourceVersion "1"]
[SourceVersionDate "2005.11.24"]
[SourceQuality "1"]

1. e4 c6 2. d4 d5 3. exd5 cxd5 4. c4 Nf6 5. Nc3 e6 6. Nf3 Bb4 7. Qb3 Bxc3+ 8. bxc3 0-0 9. Bg5 dxc4 10. Bxc4 Nc6 11. Qc2 h6 12. Bh4 b6 13. 0-0 Bb7 14. Rad1 Na5 15. Be2 Be4 16. Qd2 Rc8 17. Ne5 g5 18. Bg3 Nd7 19. f4 1/2-1/2

[Event "Lipperland Seniors op 4th"]
[Site "Doerentrup"]
[Date "2005.05.29"]
[Round "4.3"]
[White "Moeckel, Edgar"]
[Black "Budt, Karl Heinz"]
[Result "1/2-1/2"]
[WhiteElo "2038"]
[BlackElo "2124"]
[PlyCount "45"]
[EventDate "2005.05.26"]
[EventType "swiss"]
[EventRounds "9"]
[EventCountry "GER"]
[SourceTitle "EXT 2006"]
[Source "ChessBase"]
[SourceDate "2005.11.24"]
[SourceVersion "1"]
[SourceVersionDate "2005.11.24"]
[SourceQuality "1"]

1. d4 Nf6 2. Nf3 e6 3. c4 b6 4. Nc3 Bb7 5. Bg5 h6 6. Bh4 Be7 7. Qc2 c5 8. dxc5 bxc5 9. e4 d6 10. Be2 Nc6 11. Rd1 Nb4 12. Qb1 Qb6 13. a3 Nc6 14. Nb5 Rd8 15. Bxf6 gxf6 16. 0-0 a6 17. Nc3 Nd4 18. b4 Nxe2+ 19. Nxe2 cxb4 20. axb4 Qc6 21. Nd2 Rg8 22. Nd4 Qb6 23. N4f3 1/2-1/2

[Event "Lipperland Seniors op 4th"]
[Site "Doerentrup"]
[Date "2005.05.27"]
[Round "2.2"]
[White "Moeckel, Edgar"]
[Black "Ellinger, Hans"]
[Result "1-0"]
[WhiteElo "2038"]
[BlackElo "2180"]
[PlyCount "77"]
[EventDate "2005.05.26"]
[EventType "swiss"]
[EventRounds "9"]
[EventCountry "GER"]
[SourceTitle "EXT 2006"]
[Source "ChessBase"]
[SourceDate "2005.11.24"]
[SourceVersion "1"]
[SourceVersionDate "2005.11.24"]
[SourceQuality "1"]

1. d4 Nf6 2. Nf3 e6 3. c4 d5 4. Nc3 Be7 5. e3 0-0 6. Bd3 b6 7. cxd5 exd5 8. 0-0 Bg4 9. h3 Bh5 10. Be2 c6 11. Ne5 Bxe2 12. Qxe2 Bd6 13. e4 Nxe4 14. Nxe4 dxe4 15. Qxe4 Bxe5 16. dxe5 Qd5 17. Qxd5 cxd5 18. Rd1 Rd8 19. Bg5 Rd7 20. Rac1 Na6 21. Be3 Rad8 22. Bd4 Nc7 23. g3 g5 24. Kg2 Ne6 25. Kf3 Nxd4+ 26. Rxd4 Re8 27. Re1 Re6 28. Kg4 f6 29. f4 Kf7 30. Kf5 h6 31. Red1 fxe5 32. fxe5 Rc6 33. Rxd5 Rxd5 34. Rxd5 Ke7 35. Rd6 Rxd6 36. exd6+ Kxd6 37. Kg6 Ke6 38. Kxh6 Kf5 39. g4+ 1-0